3 joueurs 1 équipe CAN 2024 - Statistiques

Statistiques générales
  • Ce quiz a été pris 177 fois
  • Le résultat moyen est 15 sur 20
Statistiques - réponses
Joueur 1 Joueur 2 Joueur 3 Équipe % Correct
Edouard Mendy Idrissa Gueye Sadio Mané Sénégal
97%
Aïssa Mandi Houssem Aouar Riyad Mahrez Algérie
96%
Romain Saïss Amine Harit Sofiane Boufal Maroc
96%
Willy Boly Seko Fofana Max-Alain Gradel Côte d’Ivoire
95%
Zizo Mostafa Mohamed Mohamed Salah Égypte
92%
Victor Osimhen Joe Aribo Ola Aina Nigeria
89%
Karl Toko Ekambi André Onana Christopher Wooh Cameroun
88%
Jordan Ayew Iñaki Williams Alexander Djiku Ghana
85%
Cedric Bakambu Yoane Wissa Gaël Kakuta République démocratique du Congo
82%
Youssef Msakni Montassar Talbi Aïssa Laïdouni Tunisie
79%
Yves Bissouma Amadou Haidara Hamari Traoré Mali
76%
Dango Ouattara Bertrand Traoré Issa Kaboré Burkina Faso
74%
Serhou Guirassy François Kamano Naby Keita Guinée
74%
Bebé Logan Costa Jovane Borges Cap-Vert
68%
Emilio Nsue Pepin Basilio Ndong Guinée Équatoriale
52%
Patson Daka Francis Mwansa Miguel Chaiwa Zambie
51%
Isac Reinildo Lau King Mozambique
49%
Percy Tau Siyanda Xulu Themba Zwane Afrique du Sud
46%
Musa Barrow Assan Ceesay Omar Colley Gambie
46%
Jeremie Bela Nurio Fortuna Gelson Dala Angola
38%
Aucun quiz correspondant
Distribution des résultats
% des personnes avec chaque résultat
Percentile par nombre de réponses
Votre historique - résultats
Vous n’avez pas pris ce quiz